[Event "IV Festival Magistrale"]
[Site "Varallo Sesia ITA"]
[Date "1992.06.??"]
[Round "?"]
[White "Belotti, Bruno"]
[Black "Sulava, Nenad"]
[WhiteElo "2405"]
[BlackElo "2405"]
[Result "0-1"]
[PlyCount "48"]
[EventDate "1992.06.27"]

1. c4 b6 2. d4 e6 3. Nf3 Bb7 4. g3 Bb4+ 5. Bd2 Bxf3 6. exf3 Bxd2+ 7. Qxd2 Nf6
8. Bg2 d5 9. f4 Nc6 10. O-O O-O 11. Rc1 Ne7 12. c5 Nf5 13. Qd3 bxc5 14. Rxc5
Rb8 15. Nd2 Rxb2 16. Nb3 Ng4 17. h3 Nxf2 18. Qc3 Re2 19. Qf3 Nxh3+ 20. Bxh3 Re3
21. Qh1 Nxg3 22. Qh2 Qh4 23. Bg2 Qxf4 24. Rf1 Qg4 0-1

[Event "IV Festival Magistrale"]
[Site "Varallo Sesia ITA"]
[Date "1992.06.??"]
[Round "?"]
[White "Drazic, Sinisa"]
[Black "Sarno, Spartaco"]
[WhiteElo "2410"]
[BlackElo "2405"]
[Result "0-1"]
[PlyCount "68"]
[EventDate "1992.06.27"]

1. d4 g6 2. e4 d6 3. Nc3 Nf6 4. h3 Bg7 5. Be3 O-O 6. g3 e5 7. Bg2 exd4 8. Bxd4
Nc6 9. Be3 Re8 10. Nge2 Bd7 11. O-O a6 12. a4 b5 13. axb5 axb5 14. Rxa8 Qxa8
15. Nd5 Qc8 16. Nxf6+ Bxf6 17. Kh2 Bxb2 18. Qb1 Bg7 19. Qxb5 Nd4 20. Qd3 Nxe2
21. Qxe2 Bc6 22. f3 Qe6 23. Qd3 Rb8 24. Rc1 Qa2 25. h4 h5 26. Bd4 Bxd4 27. Qxd4
Rb2 28. Qc3 Ba4 29. Qxc7 Bxc2 30. Rg1 Bd1 31. Qc3 Rf2 32. Kh3 Bxf3 33. Qxf3
Rxf3 34. Bxf3 Qf2 0-1

[Event "IV Festival Magistrale"]
[Site "Varallo Sesia ITA"]
[Date "1992.06.??"]
[Round "?"]
[White "Lagumina, Giulio"]
[Black "Hugony, Fabrizio"]
[WhiteElo "2250"]
[BlackElo "2270"]
[Result "1-0"]
[PlyCount "53"]
[EventDate "1992.06.27"]

1. e4 c5 2. Nf3 d6 3. d4 cxd4 4. Nxd4 Nf6 5. Nc3 g6 6. Be3 Bg7 7. f3 O-O 8. Qd2
Nc6 9. g4 Nxd4 10. Bxd4 Be6 11. O-O-O Qa5 12. a3 Rfc8 13. h4 Rab8 14. h5 b5 15.
hxg6 hxg6 16. Qg5 Qc7 17. e5 dxe5 18. Qxe5 Qc6 19. Rh3 b4 20. axb4 Rxb4 21. Bb5
Qb7 22. Rdh1 Rxc3 23. Qh2 Nh5 24. Bxg7 Rxf3 25. Rxh5 Bxg4 26. Rh8+ Kxg7 27.
Qe5+ 1-0

[Event "IV Festival Magistrale"]
[Site "Varallo Sesia ITA"]
[Date "1992.06.??"]
[Round "?"]
[White "Sarno, Spartaco"]
[Black "Lanzani, Mario"]
[WhiteElo "2405"]
[BlackElo "2330"]
[Result "1-0"]
[PlyCount "45"]
[EventDate "1992.06.27"]

1. d4 f5 2. g3 Nf6 3. Bg2 g6 4. Nf3 Bg7 5. O-O O-O 6. c4 d6 7. Nc3 Qe8 8. b3
Na6 9. Ba3 c6 10. Qd3 h6 11. Rae1 g5 12. e4 fxe4 13. Nxe4 Qh5 14. Nxf6+ Bxf6
15. Re3 Rf7 16. Rfe1 Bg4 17. Nd2 Raf8 18. f3 Bh3 19. Ne4 Bg7 20. g4 Qh4 21. Ng3
Rf4 22. Rxe7 Bxg2 23. Qg6 1-0

[Event "IV Festival Magistrale"]
[Site "Varallo Sesia ITA"]
[Date "1992.06.??"]
[Round "?"]
[White "Scotto, Marco"]
[Black "Belotti, Bruno"]
[WhiteElo "2058"]
[BlackElo "2405"]
[Result "0-1"]
[PlyCount "62"]
[EventDate "1992.06.27"]

1. e4 c5 2. Nf3 d6 3. d4 cxd4 4. Nxd4 Nf6 5. Nc3 a6 6. g3 Bd7 7. Bg2 Nc6 8. O-O
e6 9. Nce2 Be7 10. c4 O-O 11. b3 Rb8 12. Bb2 Nxd4 13. Nxd4 b5 14. cxb5 axb5 15.
Qd2 b4 16. Rfc1 Qb6 17. Rc4 d5 18. exd5 exd5 19. Rc2 Ne4 20. Qd3 Bf6 21. Bxe4
dxe4 22. Qxe4 Rfe8 23. Qd5 Rbd8 24. Qc5 Qb7 25. Qh5 Qe4 26. Re2 Qd3 27. Rxe8+
Bxe8 28. Rd1 Qe4 29. Qc5 Bc6 30. f3 Qe3+ 31. Kg2 Bxf3+ 0-1

[Event "IV Festival Magistrale"]
[Site "Varallo Sesia ITA"]
[Date "1992.06.??"]
[Round "?"]
[White "Sulava, Nenad"]
[Black "Lanzani, Mario"]
[WhiteElo "2405"]
[BlackElo "2330"]
[Result "1-0"]
[PlyCount "67"]
[EventDate "1992.06.27"]

1. d4 Nf6 2. Nf3 d5 3. c4 e6 4. g3 Be7 5. Bg2 O-O 6. O-O dxc4 7. Nc3 Nc6 8. e3
Nd5 9. Qe2 Nb6 10. Rd1 Bb4 11. e4 Qe7 12. a3 Ba5 13. e5 Bxc3 14. bxc3 Na5 15.
a4 Bd7 16. Ba3 Qd8 17. h4 Bxa4 18. Bxf8 Qxf8 19. Rdb1 Qe8 20. Rb4 h6 21. Nd2
Nb3 22. Nxb3 cxb3 23. Bxb7 Rb8 24. Qa6 Rxb7 25. Qxb7 Bc6 26. Qxc7 Nd5 27. Qb8
Nxb4 28. Qxe8+ Bxe8 29. cxb4 Bb5 30. Rb1 Bc4 31. f3 Kf8 32. Kf2 Ke7 33. Ke3 Kd7
34. Rc1 1-0